Teatro

Salvato in:
Dettagli Bibliografici
Autore principale: Pardo Bazán, Emilia (autora)
Natura: Libro
Lingua:spagnolo
Pubblicazione: Madrid Administración 1900
Serie:Obras Completas de Emilia Pardo Bazán, 35
Soggetti:
Tags: Aggiungi Tag
Nessun Tag, puoi essere il primo ad aggiungerne!!

MARC

LEADER 00000nam a2200000 a 4500
001 UCY9727
003 CL-VaPUC
008 950720e19000000SP |||||||||||||||||spa|d
082 0 4 |a 862  |b PAR  |2 21 
100 |a Pardo Bazán, Emilia  |e autora  |9 319277 
245 1 0 |a Teatro 
246 1 0 |a Verdad 
246 1 0 |a Cuesta abajo 
246 1 0 |a Juventud 
246 1 3 |a El vestido de boda 
246 1 3 |a El becerro de metal 
300 |a p.v 
942 |c BK 
945 |d 19950720 00:00:00  |a rbrito 
260 |a Madrid  |b Administración  |c 1900 
650 0 |a Dramas españoles  |9 267081 
583 |a last modification  |c 19950720 00:00:00  |k Rodrigo Vera 
490 0 |a Obras Completas de Emilia Pardo Bazán, 35 
999 |c 236767  |d 236765 
952 |0 0  |1 0  |4 0  |6 862_000000000000000_PAR_1900  |7 0  |8 P  |9 245091  |a BIBEDU  |b BIBEDU  |c BIBEDU_PB  |d 2019-11-18  |i 3102971  |o 862 PAR 1900  |p 3102971  |r 2024-01-25  |w 2019-11-18  |y BK  |k LIT